Habilidades directivas para un nuevo management
Shranjeno v:
| Main Authors: | , , , , , , , , , |
|---|---|
| Format: | Knjiga |
| Jezik: | španščina |
| Izdano: |
Buenos Aires
Pearson Educación
2008
|
| Izdaja: | 1a. ed |
| Teme: | |
| Oznake: |
Označite
Brez oznak, prvi označite!
|
MARC
| LEADER | 00000nam a2200000 a 4500 | ||
|---|---|---|---|
| 001 | UCI9840 | ||
| 003 | CL-VaPUC | ||
| 008 | 081212e20080000AG |||||||||||||||||spa|d | ||
| 020 | |a 9789876150583 | ||
| 082 | 0 | 4 | |a 658.4092 |b RAB |2 21 |
| 100 | 0 | |a Rabouin, Roberto |e author |9 533822 | |
| 700 | 0 | |a Astarloa, Luis María |e author |9 533823 | |
| 700 | 0 | |a Bataller, Roberto |e author |9 533824 | |
| 700 | 0 | |a Berdiñas, Luis |e author |9 533825 | |
| 700 | 0 | |a Bocchi, Graciela |e author |9 533826 | |
| 700 | 0 | |a Cucchi, Daniel |e author |9 533827 | |
| 700 | 0 | |a Giolo, Rolando |e author |9 533828 | |
| 700 | 0 | |a Gnazzo, Liliana |e author |9 533829 | |
| 700 | 0 | |a Revah, José Luis |e author |9 533830 | |
| 700 | 0 | |a Tomas, Víctor |e author |9 533831 | |
| 245 | 1 | 0 | |a Habilidades directivas para un nuevo management |
| 250 | |a 1a. ed | ||
| 300 | |a 358 p | ||
| 942 | |c BK | ||
| 945 | |d 20081212 00:00:00 |a jtorresc | ||
| 260 | |a Buenos Aires |b Pearson Educación |c 2008 | ||
| 650 | 0 | |a Planificación estratégica |9 259735 | |
| 650 | 7 | |a TRABAJO EN EQUIPO |2 CL-VaPUC |9 393025 | |
| 650 | 7 | |a TOMA DE DESICIONES |2 CL-VaPUC |9 347988 | |
| 650 | 0 | |a Liderazgo |9 271835 | |
| 650 | 0 | |a Administración de empresas |9 260833 | |
| 650 | 0 | |a Recursos humanos |9 228420 | |
| 583 | |a last modification |c 20081212 00:00:00 |k Rodrigo Vera | ||
| 999 | |c 332298 |d 332296 | ||
| 952 | |0 0 |1 0 |4 0 |6 658_409200000000000_RAB_2008 |7 0 |8 A |9 419890 |a BIBENE |b BIBENE |d 2019-11-22 |i 4505190 |o 658.4092 RAB 2008 |p 4505190 |r 2025-01-15 |w 2019-11-22 |y BK |k ICO | ||